| 000 | 00399cam a22001337a 4500 | ||
|---|---|---|---|
| 008 | 180718b2014 xxu||||| |||| 00| 0 eng d | ||
| 020 | _a9789383252145 | ||
| 082 | _aT19x54 Sa21 | ||
| 245 |
_aChallenges of inclusive development : a perspective from the grassroots _cedited by B.Saikia and D.Lahkar |
||
| 260 |
_aGuwahati _bEBH _c2014 |
||
| 300 | _a78P. | ||
| 700 | _aLahkar, D. | ||
| 700 | _aSaikia, B. | ||
| 999 |
_c443738 _d443738 |
||